Where are these celebrities from? #1 - Statistics

General Stats
  • This quiz has been taken 570 times
  • The average score is 8 of 15
Answer Stats
Celebrity Country % Correct
Ryan Gosling Canada
77%
Kylie Minogue Australia
75%
Rihanna Barbados
75%
Heidi Klum Germany
73%
Anthony Hopkins United Kingdom
71%
Penélope Cruz Spain
69%
Charlize Theron South Africa
67%
Lorde New Zealand
63%
Sofía Vergara Colombia
54%
Guillermo del Toro Mexico
51%
Emma Watson France
37%
Ken Jeong United States of America
33%
Freddie Mercury Tanzania
29%
Keanu Reeves Lebanon
19%
Tommy Lee Greece
10%
No matching quizzes found
Score Distribution
Percent of People with Each Score
Percentile by Number Answered
Your Score History
You have not taken this quiz